000 00522cam a22001934a 4500
005 20250605164252.0
008 250528s ||||||||||||||||||||||||d
035 _a21769
020 _a9789603942962
040 _aGR-AtMCL
_bgre
_dGR-AtMCL
_eAACR2
245 1 _aΠΑΙΖΩ ΣΥΧΝΑ ΜΑΘΑΙΝΩ ΑΠΛΑ
250 _a1
260 _bΕκδόσεις Παρισιάνου,
_c2005
300 _a68
700 1 _aΤσιτσικα Αρτεμις
_97698
942 _cBK
999 _c6828
_d6828